| 000 | 01164nam a2200217 i 4500 | ||
|---|---|---|---|
| 001 | 173869 | ||
| 003 | ES-MaACL | ||
| 005 | 20250928112520.0 | ||
| 007 | t| | ||
| 008 | 100127m18871889sp f |||| | spa d | ||
| 110 | 2 |
_aReal Academia de Ciencias Exactas, Físicas y Naturales de España. _9175635 |
|
| 245 | 1 | 0 |
_aMemorias de la Real Academia de Ciencias _g1887-1889. |
| 260 |
_aMadrid : _b[s.n.], _c1887 (Imp. de la Viuda e Hijo de Aguado) |
||
| 300 |
_a1 v. ; _c28 cm. |
||
| 505 | 8 |
_aContiene: t. XIII ; _tTeorías, suposiciones, discordancias, misterios, comprobaciones e ignorancia sobre cuestiones biológico-ontogénicas y fisiológicas de los afidios / _rM.P. Graells (45 p., 1 de lám. col.). -- _tEl artificio de Juanelo y el puente de Julio César / _rLuis de la Escosura y Morrogh (109 p., 1 h. de lám. pleg.). -- _tLas ballenas en las costas oceánicas de España / _rM.P. Graells (115 p., 9 h. de lám. pleg.) |
|
| 600 | 1 | 4 |
_aTurriano, Juanelo. _9149040 |
| 700 | 1 |
_aGraells, Mariano de la Paz, _d1809-1898 _9127520 |
|
| 700 | 1 |
_aEscosura Morrogh, Luis de la, _d1821-1904 _9126953 |
|
| 852 |
_aES-MaACL _jK-228 |
||
| 999 |
_c173869 _d173869 |
||